000 00479nam a22001337a 4500
999 _c129932
_d129932
008 191016b ||||| |||| 00| 0 eng d
050 _aB1618.B454
_bC66 2018
245 _aThe Cambridge companion to Isaiah Berlin
_cEdited by Joshua L. Cherniss and Steven B. Smith
260 _aCambridge
_bCambridge University Press
_c2018
300 _axiv, 308p. ;
_c23cm.
440 _acambridge companions to philosophy
_948386
600 _aBerlin, Isaiah
_948387
942 _2lcc
_cMONOGRAPH